Pokémon - Les attaques de Wimessir ♀ - Statistiques

Statistiques générales
  • Ce quiz a été pris 11 fois
  • Le résultat moyen est 9 sur 13
Statistiques - réponses
Niveaux Types Noms des attaques % Correct
Niveau 30 Plante Aromathérapie
100%
Niveau 50 Psy Champ Psychique
100%
Niveau 35 Psy Psyko
100%
Niveau 15 Psy Rafale Psy
100%
Niveau 10 Fée Voix Enjôleuse
100%
Niveau 55 Psy Vœu Soin
80%
Départ Normal Camaraderie
60%
Niveau 20 Normal Coup d'Main
60%
Départ Psy Force Ajoutée
60%
Niveau 25 Normal Par Ici
60%
Niveau 40 Psy Plénitude
60%
Niveau 45 Psy Partage Garde
40%
Niveau 5 Normal Relais
20%
Aucun quiz correspondant
Distribution des résultats
% des personnes avec chaque résultat
Percentile par nombre de réponses
Votre historique - résultats
Vous n’avez pas pris ce quiz